| 000 | 00740nam a2200217 a 4500 | ||
|---|---|---|---|
| 001 | 3548 | ||
| 003 | CDMR | ||
| 005 | 20131030103329.0 | ||
| 008 | 130130s1989||||||||||||||||||||||||||||d | ||
| 020 | _a8439311354 | ||
| 040 |
_aCDMR _bcat _cCDMR |
||
| 100 | 1 |
_aGomis, Llorenç _9492 |
|
| 245 | 1 | 0 |
_aTeoria dels gèneres periodístics _c Llorenç Gomis ; pròleg: Salvador Giner |
| 260 |
_aBarcelona _c1989 _bGeneralitat de Catalunya. Centre d'Investigació de la Comunicació |
||
| 300 | _a199 p. | ||
| 490 | 0 |
_aEstudis i Recerques _v1 |
|
| 586 | _aPremi a la Investigació sobre Comunicació de Masses 1988 | ||
| 650 | 0 | 4 |
_94193 _aGèneres periodístics |
| 650 | 0 | 4 |
_92757 _aMitjans de comunicació de massa _xAspectes socials |
| 942 |
_cMON _2udc |
||
| 999 |
_c3548 _d3548 |
||